| 000 | 00979nam a2200157 4500 | ||
|---|---|---|---|
| 008 | 750114s1954 pauaf 000 0 eng d | ||
| 100 | _aNational Philatelic Museum | ||
| 245 | 1 | 0 |
_aVatican Marian Year Philatelic Exhibition : _bSeptember 22-November 5, 1954, under the patronage of His Eminence Francis Cardinal Spellman in cooperation with the Vatican City Postal Administration, National Philatelic Museum, to commemorate the twenty-fifth anniversary of the first postage stamps of the State of the Vatican City and to philatelically mark the Marian Year of 1954 proclaimed by His Holiness, Pope Pius XII on the centenary of the Dogma of the Immaculate Conception.. |
| 260 |
_aPhiladelphia : _bNational Philatelic Museum, _c[1954] |
||
| 490 | 0 |
_aOfficial bulletin / National Philatelic Museum ; _vv. 7, no. 1 |
|
| 500 | _aCover title: Vatican. | ||
| 650 | 0 |
_aPostage stamps _zVatican |
|
| 650 | 0 | _aVatican | |
| 650 | 0 | _aChristianity on postage stamps | |
| 999 |
_c2122 _d2122 |
||